[Event "SLO-chT (Women)"]
[Site "Mala Nedelja"]
[Date "2024.05.19"]
[Round "5.3"]
[White "Kejzar, Petra"]
[Black "Timagina, Sofia"]
[Result "1-0"]
[WhiteElo "2042"]
[BlackElo "1667"]
[PlyCount "87"]
[EventDate "2024.05.16"]
[EventType "team-tourn"]
[EventRounds "5"]
[EventCountry "SLO"]
[SourceTitle "CBM 220 Extra"]
[Source "ChessBase"]
[SourceDate "2024.07.31"]
[SourceVersion "1"]
[SourceVersionDate "2024.07.31"]
[SourceQuality "1"]
[WhiteTeam "Ljubljana Tajfun (W)"]
[BlackTeam "Domzale SD (W)"]
[WhiteTeamCountry "SLO"]
[BlackTeamCountry "SLO"]

1. d4 Nf6 2. c4 g6 3. g3 Bg7 4. Bg2 d6 5. Nf3 0-0 6. Nc3 Nc6 7. d5 Na5 8. b3 Nxd5 9. Nxd5 Bxa1 10. Bd2 c6 11. Nxe7+ Qxe7 12. Qxa1 Qd8 13. Qc3 b6 14. Bh6 f6 15. Bxf8 Qxf8 16. Nd4 Bb7 17. 0-0 Re8 18. e3 c5 19. Nb5 Bxg2 20. Kxg2 Qe7 21. Qd3 Rd8 22. h4 a6 23. Nc3 Qb7+ 24. Qd5+ Qf7 25. h5 f5 26. Qf3 Qb7 27. Nd5 b5 28. Rh1 Qg7 29. hxg6 hxg6 30. e4 Rf8 31. exf5 Rxf5 32. Qe4 Re5 33. Qh4 Nc6 34. Qf4 Re6 35. Qg4 Nd4 36. Nf4 Qb7+ 37. f3 Rf6 38. Rh6 Qf7 39. Nxg6 Qg7 40. Qc8+ Kf7 41. Qd7+ Kg8 42. Qe8+ Rf8 43. Rh8+ Qxh8 44. Qxf8+ 1-0

[Event "SLO-chT (Women)"]
[Site "Mala Nedelja"]
[Date "2024.05.18"]
[Round "3.3"]
[White "Javornik, Lina"]
[Black "Timagina, Sofia"]
[Result "1-0"]
[WhiteElo "1672"]
[BlackElo "1667"]
[PlyCount "79"]
[EventDate "2024.05.16"]
[EventType "team-tourn"]
[EventRounds "5"]
[EventCountry "SLO"]
[SourceTitle "CBM 220 Extra"]
[Source "ChessBase"]
[SourceDate "2024.07.31"]
[SourceVersion "1"]
[SourceVersionDate "2024.07.31"]
[SourceQuality "1"]
[WhiteTeam "Celje (W)"]
[BlackTeam "Domzale SD (W)"]
[WhiteTeamCountry "SLO"]
[BlackTeamCountry "SLO"]

1. e4 e5 2. Nf3 Nc6 3. d4 exd4 4. Nxd4 Nf6 5. Nc3 Bb4 6. Nxc6 bxc6 7. Qd4 Qe7 8. f3 d5 9. Bg5 dxe4 10. Bxf6 gxf6 11. Qxe4 Bxc3+ 12. bxc3 Bf5 13. Qxe7+ Kxe7 14. Bd3 Bg6 15. 0-0-0 Rhe8 16. Bc4 Rad8 17. Rde1+ Kd6 18. h4 Re7 19. Rd1+ Kc5 20. Rxd8 Kxc4 21. Kd2 h5 22. g4 c5 23. g5 Re5 24. gxf6 Rf5 25. Rf1 Rf4 26. Rf2 Rxf6 27. f4 Bf5 28. a4 Ra6 29. Rf8 Rxa4 30. Rxf7 Bxc2 31. f5 Kb3 32. Rxc7 Ra2 33. Rb7+ Kc4 34. Rf4+ Kd5 35. Kc1 Be4 36. Re7 Ra1+ 37. Kb2 Rb1+ 38. Ka2 Re1 39. c4+ Kd4 40. Rfxe4+ 1-0

[Event "SLO-chT (Women)"]
[Site "Mala Nedelja"]
[Date "2024.05.18"]
[Round "4.3"]
[White "Timagina, Sofia"]
[Black "Skuhala, Barbara"]
[Result "1-0"]
[WhiteElo "1667"]
[BlackElo "2137"]
[PlyCount "67"]
[EventDate "2024.05.16"]
[EventType "team-tourn"]
[EventRounds "5"]
[EventCountry "SLO"]
[SourceTitle "CBM 220 Extra"]
[Source "ChessBase"]
[SourceDate "2024.07.31"]
[SourceVersion "1"]
[SourceVersionDate "2024.07.31"]
[SourceQuality "1"]
[WhiteTeam "Domzale SD (W)"]
[BlackTeam "Maribor Poligram (W)"]
[WhiteTeamCountry "SLO"]
[BlackTeamCountry "SLO"]

1. e4 c5 2. Nf3 d6 3. d4 cxd4 4. Nxd4 Nf6 5. Nc3 a6 6. g3 e5 7. Nb3 b5 8. a4 b4 9. Nd5 Nxd5 10. Qxd5 Ra7 11. Be3 Be6 12. Qd2 Rd7 13. Bg2 a5 14. 0-0 Be7 15. Rad1 0-0 16. f4 exf4 17. gxf4 Bc4 18. Rf3 d5 19. e5 Nc6 20. Nd4 Nxd4 21. Bxd4 Qc7 22. Qf2 Qc6 23. f5 f6 24. e6 Rc7 25. Rh3 Bc5 26. Qh4 g5 27. fxg6 Bxd4+ 28. Rxd4 Qxe6 29. b3 Bxb3 30. Rxb3 Kh8 31. Bxd5 Qf5 32. Bf7 Qg5+ 33. Qxg5 fxg5 34. Rh3 1-0

[Event "EU-ch U12 Girls rapid"]
[Site "Terme Catez"]
[Date "2023.09.28"]
[Round "4"]
[White "Figa, Karolina"]
[Black "Timagina, Sofia"]
[Result "0-1"]
[WhiteElo "1659"]
[BlackElo "1426"]
[PlyCount "124"]
[EventDate "2023.09.28"]
[EventType "swiss (rapid)"]
[EventRounds "9"]
[EventCountry "SLO"]
[SourceTitle "EXT 2024"]
[Source "ChessBase"]
[SourceDate "2023.10.10"]
[SourceVersion "1"]
[SourceVersionDate "2023.10.10"]
[SourceQuality "1"]

1. d4 Nf6 2. c4 g6 3. Nc3 Bg7 4. e4 d6 5. Nf3 0-0 6. Be2 e5 7. 0-0 Nc6 8. d5 Ne7 9. b4 Nh5 10. Re1 f5 11. Ng5 Nf4 12. Bxf4 exf4 13. Rc1 h6 14. Ne6 Bxe6 15. dxe6 c6 16. f3 Qb6+ 17. Kh1 Qxb4 18. Qd3 Rad8 19. Red1 Qb6 20. Qd2 g5 21. Na4 Qc7 22. Bd3 fxe4 23. Bxe4 Qc8 24. Re1 Be5 25. Qb4 Qxe6 26. Qxb7 Rb8 27. Qa6 Qd7 28. Rcd1 Qc7 29. Bc2 Nf5 30. c5 d5 31. Qd3 Rbe8 32. Re2 Qf7 33. Rde1 Bc7 34. Qxf5 Qxf5 35. Bxf5 Rxe2 36. Be6+ Kg7 37. Rxe2 Re8 38. Kg1 Kf6 39. Rb2 Kxe6 40. Rb7 Bb8 41. Rh7 d4 42. Rxh6+ Kd5 43. Rh7 Kc4 44. Kf2 d3 45. Rd7 Re2+ 46. Kf1 Rxa2 47. Nb6+ axb6 48. cxb6 Rb2 49. b7 Kc3 50. Ke1 Kc2 51. Rd4 Kc3 52. Rd7 Rb4 53. h3 c5 54. Rd5 c4 55. Rxg5 Rxb7 56. Ra5 d2+ 57. Ke2 Kc2 58. Ra2+ Rb2 59. Rxb2+ Kxb2 60. Kxd2 c3+ 61. Kd3 c2 62. Ke4 c1Q 0-1

[Event "EU-ch U12 Girls rapid"]
[Site "Terme Catez"]
[Date "2023.09.28"]
[Round "6"]
[White "Timagina, Sofia"]
[Black "Aydogan, Arya"]
[Result "1-0"]
[WhiteElo "1426"]
[BlackElo "1465"]
[PlyCount "51"]
[EventDate "2023.09.28"]
[EventType "swiss (rapid)"]
[EventRounds "9"]
[EventCountry "SLO"]
[SourceTitle "EXT 2024"]
[Source "ChessBase"]
[SourceDate "2023.10.10"]
[SourceVersion "1"]
[SourceVersionDate "2023.10.10"]
[SourceQuality "1"]

1. e4 e5 2. Nf3 Nc6 3. Bc4 Bc5 4. d3 Nf6 5. 0-0 d6 6. c3 h6 7. Nbd2 a6 8. Bb3 0-0 9. h3 Be6 10. Bc2 d5 11. exd5 Bxd5 12. Re1 Re8 13. Nf1 Qd7 14. Be3 Bf8 15. d4 Rad8 16. Ng3 exd4 17. Nxd4 Nxd4 18. Bxd4 Qc6 19. f3 Bc5 20. Rxe8+ Rxe8 21. Bxc5 Qxc5+ 22. Kh1 Qf2 23. Kh2 Re3 24. Ne4 Re2 25. Nxf2 Rxf2 26. Kg3 1-0

[Event "EU-ch U12 Girls 31st"]
[Site "Mamaia"]
[Date "2023.09.06"]
[Round "2"]
[White "Alfano, Emilie"]
[Black "Timagina, Sofia"]
[Result "1-0"]
[WhiteElo "1832"]
[BlackElo "1463"]
[PlyCount "155"]
[EventDate "2023.09.05"]
[EventType "swiss"]
[EventRounds "9"]
[EventCountry "ROU"]
[SourceTitle "CBM 216 Extra"]
[Source "ChessBase"]
[SourceDate "2023.11.30"]
[SourceVersion "1"]
[SourceVersionDate "2023.11.30"]
[SourceQuality "1"]

1. e4 e5 2. Nf3 Nc6 3. Bb5 a6 4. Ba4 Nf6 5. d3 b5 6. Bb3 Be7 7. 0-0 d6 8. c3 0-0 9. Re1 Re8 10. Ng5 Rf8 11. f4 Bg4 12. Nf3 exf4 13. Bxf4 Nh5 14. Be3 Ne5 15. d4 Nxf3+ 16. gxf3 Bh3 17. f4 Nf6 18. Qf3 Bd7 19. h3 c5 20. e5 dxe5 21. fxe5 Ne8 22. d5 Qc8 23. Kh2 c4 24. Bc2 g6 25. Nd2 Ng7 26. Rg1 Bd8 27. Raf1 Bc7 28. d6 Ba5 29. Be4 Rb8 30. Ba7 Bb6 31. Bxb8 Bxg1+ 32. Rxg1 Qxb8 33. Bb7 Qa7 34. Ne4 Bc8 35. Bxc8 Rxc8 36. Nf6+ Kh8 37. Qg4 Nf5 38. Rf1 Qe3 39. Qf4 Qd3 40. Rf2 Rd8 41. Rd2 Qb1 42. e6 fxe6 43. Qe5 Ng7 44. Ne4 Qf1 45. Rf2 Qd3 46. Qf6 Rg8 47. Qe5 Qd5 48. Qxd5 exd5 49. Ng5 Rb8 50. Nf7+ Kg8 51. Nh6+ Kh8 52. d7 Ne6 53. Re2 Kg7 54. Rxe6 Rd8 55. Ng4 Rxd7 56. Rxa6 Re7 57. Nf6 Re2+ 58. Kg3 d4 59. cxd4 Rxb2 60. Ne4 b4 61. Ra7+ Kh6 62. Rc7 c3 63. a3 b3 64. Rxc3 Rb1 65. Nd2 Rg1+ 66. Kh2 Re1 67. Nxb3 Re2+ 68. Kg3 g5 69. d5 Re5 70. Rd3 Kh5 71. d6 Re8 72. d7 Rd8 73. Nc5 h6 74. Ne6 Rxd7 75. Rxd7 Kg6 76. a4 Kh5 77. Rg7 g4 78. hxg4# 1-0

[Event "SLO-chT (Women)"]
[Site "Radenci"]
[Date "2023.05.14"]
[Round "5.3"]
[White "Timagina, Sofia"]
[Black "Radej, Pika"]
[Result "0-1"]
[WhiteElo "1616"]
[BlackElo "1494"]
[PlyCount "126"]
[EventDate "2023.05.11"]
[EventType "team-tourn"]
[EventRounds "5"]
[EventCountry "SLO"]
[SourceTitle "CBM 214 Extra"]
[Source "ChessBase"]
[SourceDate "2023.07.31"]
[SourceVersion "1"]
[SourceVersionDate "2023.07.31"]
[SourceQuality "1"]
[WhiteTeam "Domzale SD (W)"]
[BlackTeam "Krsko Triglav (W)"]
[WhiteTeamCountry "SLO"]
[BlackTeamCountry "SLO"]

1. e4 c5 2. Nf3 d6 3. d4 cxd4 4. Nxd4 Nf6 5. Nc3 a6 6. g3 e5 7. Nde2 Be6 8. Bg2 Nbd7 9. 0-0 b5 10. a3 Nb6 11. Kh1 Be7 12. b3 Bc8 13. Be3 Bb7 14. f4 Qc7 15. f5 Rc8 16. Qd2 0-0 17. h3 Nbd7 18. b4 Qc4 19. Bg5 Bxe4 20. Qe3 Bxg2+ 21. Kxg2 d5 22. Bxf6 Bxf6 23. Rad1 d4 24. Qf3 Qc6 25. Qxc6 Rxc6 26. Rd2 Nb6 27. Ne4 Nc4 28. Rd3 Ne3+ 29. Rxe3 dxe3 30. c3 Rc4 31. Kf3 Rd8 32. Kxe3 Kf8 33. Nc5 Bg5+ 34. Kf3 Be7 35. Nxa6 Ra8 36. Nc5 Bxc5 37. bxc5 Rxc5 38. Ra1 Rc4 39. Rb1 Ra5 40. Rb3 Rca4 41. g4 Rxa3 42. Rb4 f6 43. Ke4 R5a4 44. Kd5 Rxb4 45. cxb4 Rxh3 46. Kc5 Re3 47. Ng1 Ke7 48. Kxb5 Kd7 49. Kb6 Kd6 50. b5 Kd7 51. Kb7 e4 52. b6 Rb3 53. Ne2 e3 54. Ka7 Ra3+ 55. Kb8 Ra2 56. Nd4 e2 57. Nf3 Ra1 58. b7 e1Q 59. Nxe1 Rxe1 60. Ka8 Ra1+ 61. Kb8 Rb1 62. Ka8 Kc7 63. Ka7 Ra1# 0-1

[Event "Treviso op-B 4th"]
[Site "Treviso"]
[Date "2023.04.01"]
[Round "3"]
[White "Timagina, Sofia"]
[Black "Amadardo, Matteo"]
[Result "1-0"]
[WhiteElo "1520"]
[BlackElo "1347"]
[PlyCount "23"]
[EventDate "2023.03.31"]
[EventType "swiss"]
[EventRounds "5"]
[EventCountry "ITA"]
[SourceTitle "EXT 2024"]
[Source "ChessBase"]
[SourceDate "2023.10.10"]
[SourceVersion "1"]
[SourceVersionDate "2023.10.10"]
[SourceQuality "1"]

1. e4 c5 2. Nf3 g6 3. d4 cxd4 4. Nxd4 Bg7 5. Nc3 Nc6 6. Be3 Nf6 7. Bc4 Nxe4 8. Nxe4 d5 9. Bb5 dxe4 10. Nxc6 Qxd1+ 11. Rxd1 Bg4 12. Nb8+ 1-0

[Event "SLO-chT Central 23rd"]
[Site "Slovenia"]
[Date "2022.11.10"]
[Round "8.4"]
[White "Timagina, Sofia"]
[Black "Vertacnik, Viktor"]
[Result "0-1"]
[WhiteElo "1331"]
[BlackElo "1600"]
[PlyCount "144"]
[EventDate "2022.09.15"]
[EventType "team-swiss"]
[EventRounds "9"]
[EventCountry "SLO"]
[SourceTitle "EXT 2024"]
[Source "ChessBase"]
[SourceDate "2023.10.10"]
[SourceVersion "1"]
[SourceVersionDate "2023.10.10"]
[SourceQuality "1"]
[WhiteTeam "Domzale SD"]
[BlackTeam "Ljubljana Karel Jeraj"]
[WhiteTeamCountry "SLO"]
[BlackTeamCountry "SLO"]

1. e4 e5 2. Nf3 Nc6 3. Bc4 Bc5 4. d3 Nf6 5. 0-0 0-0 6. Nbd2 d6 7. c3 a6 8. Bb3 Ne7 9. h3 Ng6 10. Re1 Be6 11. Bc2 h6 12. Nf1 Qd7 13. d4 exd4 14. cxd4 Bb4 15. Bd2 Bxd2 16. Qxd2 d5 17. e5 Nh5 18. Rac1 Nhf4 19. Bxg6 fxg6 20. N3h2 Bxh3 21. gxh3 Nxh3+ 22. Kh1 Nxf2+ 23. Kg1 Ne4 24. Rxe4 dxe4 25. Qb4 c6 26. Nd2 Qh3 27. Ndf1 Rf7 28. Rc3 Qf5 29. Qc4 Kh7 30. Re3 Raf8 31. Qe2 Qf2+ 32. Qxf2 Rxf2 33. Rxe4 Rxb2 34. e6 Rxa2 35. Ne3 Ra5 36. Nhg4 Rg5 37. Kh2 a5 38. Nc4 Rd5 39. Nb6 Rg5 40. Nd7 Re8 41. Ngf6+ gxf6 42. Nxf6+ Kg7 43. Nxe8+ Kf8 44. Nd6 Ke7 45. Nc8+ Ke8 46. Rf4 Rf5 47. Nd6+ Ke7 48. Nxf5+ gxf5 49. Rxf5 Kxe6 50. Rxa5 b5 51. Ra2 Kd5 52. Rd2 b4 53. Kg3 b3 54. Rh2 Kxd4 55. Rxh6 c5 56. Rd6+ Kc3 57. Rb6 b2 58. Kf3 c4 59. Ke3 Kc2 60. Kd4 c3 61. Ke3 b1Q 62. Rxb1 Kxb1 63. Kd3 c2 64. Kd4 c1Q 65. Kd3 Qc5 66. Kd2 Qc4 67. Kd1 Qa2 68. Ke1 Qh2 69. Kd1 Kb2 70. Ke1 Kc3 71. Kf1 Kd3 72. Ke1 Qe2# 0-1

[Event "EU Union-ch U12 19th"]
[Site "Mureck"]
[Date "2022.08.06"]
[Round "4"]
[White "Ortiz Bogdanov, Santiago"]
[Black "Timagina, Sofia"]
[Result "1-0"]
[WhiteElo "1266"]
[BlackElo "1368"]
[PlyCount "71"]
[EventDate "2022.08.03"]
[EventType "swiss"]
[EventRounds "9"]
[EventCountry "AUT"]
[SourceTitle "EXT 2023"]
[Source "ChessBase"]
[SourceDate "2022.10.05"]
[SourceVersion "1"]
[SourceVersionDate "2022.10.05"]
[SourceQuality "1"]

1. e4 e5 2. Nc3 Nf6 3. Bc4 Nc6 4. d3 Bc5 5. h3 h6 6. Nge2 d6 7. 0-0 0-0 8. Kh2 Nh7 9. f4 Be6 10. Bb3 Qh4 11. Nd5 Nf6 12. Nxf6+ Qxf6 13. f5 Bxb3 14. axb3 Rad8 15. Nc3 Nb4 16. Ra4 c6 17. Ne2 d5 18. exd5 cxd5 19. Ng3 e4 20. Nh5 Bd6+ 21. Kh1 Qh4 22. Bd2 Nc6 23. Be1 Qg5 24. h4 Qe7 25. f6 Qe5 26. Bg3 Qe6 27. fxg7 Rfe8 28. Rf6 Qxf6 29. Nxf6+ Kxg7 30. Nxe8+ Rxe8 31. Bxd6 exd3 32. Qxd3 Re1+ 33. Kh2 Re6 34. Rg4+ Kh8 35. Qxd5 a6 36. Bc5 1-0

[Event "EU Union-ch U12 19th"]
[Site "Mureck"]
[Date "2022.08.04"]
[Round "2"]
[White "Koehalmi Szabo, Mihaly"]
[Black "Timagina, Sofia"]
[Result "1-0"]
[WhiteElo "1709"]
[BlackElo "1368"]
[PlyCount "93"]
[EventDate "2022.08.03"]
[EventType "swiss"]
[EventRounds "9"]
[EventCountry "AUT"]
[SourceTitle "EXT 2023"]
[Source "ChessBase"]
[SourceDate "2022.10.05"]
[SourceVersion "1"]
[SourceVersionDate "2022.10.05"]
[SourceQuality "1"]

1. e4 e5 2. Nf3 Nc6 3. Bb5 a6 4. Ba4 Nf6 5. d3 b5 6. Bb3 Be7 7. 0-0 d6 8. c3 0-0 9. Re1 Re8 10. Nbd2 Bf8 11. Nf1 h6 12. Ng3 Na5 13. Bc2 c5 14. Be3 Ng4 15. Qd2 Nxe3 16. fxe3 Qc7 17. b4 cxb4 18. cxb4 Nc6 19. Bb3 d5 20. a3 d4 21. Rac1 Qb6 22. Bd5 Bb7 23. Qa2 Nd8 24. exd4 exd4 25. Nf5 Ne6 26. Bxe6 Rxe6 27. N5xd4 Rd8 28. Qf2 Red6 29. Nb3 Qxf2+ 30. Kxf2 Rxd3 31. Na5 Ba8 32. Re3 Rxe3 33. Kxe3 Re8 34. Nc6 f5 35. e5 Bb7 36. Nfd4 Be7 37. Nxe7+ Rxe7 38. Kf4 g6 39. e6 Bd5 40. Rc8+ Kg7 41. Ke5 Bxg2 42. Kd6 Rb7 43. e7 Rb6+ 44. Ke5 Rb7 45. e8Q h5 46. Qh8+ Kf7 47. Qf6# 1-0

[Event "EU Union-ch U10 18th"]
[Site "Mureck"]
[Date "2021.08.12"]
[Round "9"]
[White "Jalving, August"]
[Black "Timagina, Sofia"]
[Result "1/2-1/2"]
[WhiteElo "1488"]
[BlackElo "1418"]
[PlyCount "40"]
[EventDate "2021.08.04"]
[EventType "swiss"]
[EventRounds "9"]
[EventCountry "AUT"]
[SourceTitle "EXT 2022"]
[Source "ChessBase"]
[SourceDate "2021.10.06"]
[SourceVersion "1"]
[SourceVersionDate "2021.10.06"]
[SourceQuality "1"]

1. e4 e5 2. Nf3 Nc6 3. d4 exd4 4. Bc4 Bc5 5. c3 Nf6 6. e5 d5 7. Bb5 Ne4 8. Nxd4 Bxd4 9. cxd4 0-0 10. 0-0 f6 11. Bxc6 bxc6 12. exf6 Qxf6 13. Be3 Qg6 14. f3 Nd6 15. Na3 Bh3 16. Qc2 Nf5 17. Rae1 Rae8 18. Bc1 Rxe1 19. Rxe1 Rf6 20. Kh1 Qh5 1/2-1/2

[Event "EU Union-ch U10 18th"]
[Site "Mureck"]
[Date "2021.08.08"]
[Round "5"]
[White "Butuza, Stefan Aurelian"]
[Black "Timagina, Sofia"]
[Result "0-1"]
[WhiteElo "1402"]
[BlackElo "1418"]
[PlyCount "74"]
[EventDate "2021.08.04"]
[EventType "swiss"]
[EventRounds "9"]
[EventCountry "AUT"]
[SourceTitle "EXT 2022"]
[Source "ChessBase"]
[SourceDate "2021.10.06"]
[SourceVersion "1"]
[SourceVersionDate "2021.10.06"]
[SourceQuality "1"]

1. e4 e5 2. Nf3 Nc6 3. Nc3 Nf6 4. d4 exd4 5. Nxd4 Bb4 6. Nxc6 bxc6 7. Bd3 d6 8. 0-0 Ng4 9. Be2 Ne5 10. f4 Bc5+ 11. Kh1 Ng6 12. Bd3 0-0 13. f5 Ne5 14. Qe1 Nxd3 15. cxd3 Bd4 16. Be3 Bf6 17. g4 Re8 18. Qd2 d5 19. exd5 cxd5 20. d4 h6 21. Rf3 Bb7 22. Rg1 c5 23. Na4 Rxe3 24. Rxe3 Bxd4 25. Rd3 Bxg1 26. Kxg1 Qd6 27. Rc3 Rc8 28. Rg3 Qc6 29. b3 d4 30. Kf1 Qh1+ 31. Rg1 Ba6+ 32. Kf2 Qxh2+ 33. Rg2 Qh4+ 34. Rg3 Re8 35. Qf4 Qh2+ 36. Rg2 Re2+ 37. Kf3 Qxg2# 0-1

[Event "Mogliano Veneto op 42nd"]
[Site "Mogliano Veneto"]
[Date "2021.04.25"]
[Round "4"]
[White "Zanon, Michele"]
[Black "Timagina, Sofia"]
[Result "0-1"]
[WhiteElo "1385"]
[BlackElo "1235"]
[PlyCount "84"]
[EventDate "2021.04.23"]
[EventType "swiss"]
[EventRounds "5"]
[EventCountry "ITA"]
[SourceTitle "EXT 2023"]
[Source "ChessBase"]
[SourceDate "2022.10.05"]
[SourceVersion "1"]
[SourceVersionDate "2022.10.05"]
[SourceQuality "1"]

1. e4 e5 2. f4 exf4 3. Nf3 Ne7 4. Bc4 d5 5. exd5 Nxd5 6. 0-0 Bc5+ 7. d4 Bb6 8. Bxf4 Nxf4 9. Bxf7+ Kxf7 10. Ne5+ Kg8 11. Rxf4 Be6 12. c4 a6 13. Kh1 c6 14. Nc3 Nd7 15. Nxd7 Qxd7 16. d5 Bc7 17. Rf2 Qd6 18. g3 cxd5 19. cxd5 Bd7 20. Ne4 Qg6 21. Nc3 Rf8 22. Rd2 Bg4 23. Qb3 Bf3+ 24. Rg2 Bxg2+ 25. Kxg2 Rf7 26. Re1 Qb6 27. Re8+ Rf8 28. Rxf8+ Kxf8 29. Qc2 Kf7 30. Qf5+ Qf6 31. Qd7+ Qe7 32. Qf5+ Ke8 33. Qc8+ Bd8 34. Qg4 Rf8 35. Ne4 Qe5 36. Nc5 Qxd5+ 37. Ne4 h5 38. Qg6+ Rf7 39. Kh3 Qd7+ 40. Kg2 Bc7 41. Qxh5 Qf5 42. Ng5 Qf1# 0-1

[Event "Mestre Sheraton op-B 1st"]
[Site "Mestre"]
[Date "2021.02.26"]
[Round "1"]
[White "Timagina, Sofia"]
[Black "Guglielmetti, Oscar"]
[Result "0-1"]
[WhiteElo "1114"]
[BlackElo "1666"]
[PlyCount "120"]
[EventDate "2021.02.26"]
[EventType "swiss"]
[EventRounds "5"]
[EventCountry "ITA"]
[SourceTitle "EXT 2023"]
[Source "ChessBase"]
[SourceDate "2022.10.05"]
[SourceVersion "1"]
[SourceVersionDate "2022.10.05"]
[SourceQuality "1"]

1. e4 d6 2. d4 g6 3. Nf3 Nf6 4. Nc3 Bg7 5. Bc4 0-0 6. h3 Nc6 7. 0-0 e5 8. dxe5 dxe5 9. Be3 h6 10. Qxd8 Rxd8 11. Rad1 Bd7 12. Ne1 Be8 13. Nd3 a6 14. a4 Nd4 15. Nxe5 Nxc2 16. Rxd8 Rxd8 17. Nxg6 Nxe3 18. fxe3 Kh7 19. Nh4 c6 20. Nf5 Nh5 21. Nxg7 Kxg7 22. Rd1 Rxd1+ 23. Nxd1 Kf6 24. Kf2 Bd7 25. Kf3 Be6 26. Bxe6 Kxe6 27. g4 Nf6 28. Kf4 Nd7 29. h4 f6 30. Nf2 Nc5 31. b4 Nxa4 32. Nh3 c5 33. bxc5 Nxc5 34. g5 fxg5+ 35. hxg5 hxg5+ 36. Nxg5+ Ke7 37. e5 a5 38. Ne4 Nxe4 39. Kxe4 a4 40. Kd3 b5 41. Kc3 Ke6 42. Kb4 Kxe5 43. Ka3 Ke4 44. Kb4 Kxe3 45. Ka3 Kd3 46. Kb4 Kc2 47. Ka3 Kb1 48. Kb4 Kb2 49. Kxb5 a3 50. Kb4 a2 51. Kc4 a1Q 52. Kd5 Qa4 53. Ke5 Kc3 54. Kf5 Kd3 55. Ke5 Qd4+ 56. Kf5 Qe4+ 57. Kf6 Kd4 58. Kg5 Qf3 59. Kh4 Qg2 60. Kh5 Ke5 0-1

[Event "Balkan-ch U10 Girls"]
[Site "Tornelo INT"]
[Date "2020.11.01"]
[Round "6"]
[White "Levstik, Taja"]
[Black "Timagina, Sofia"]
[Result "0-1"]
[WhiteElo "1055"]
[BlackElo "1102"]
[PlyCount "58"]
[EventDate "2020.10.31"]
[EventType "swiss"]
[EventRounds "7"]
[EventCountry "NET"]
[SourceTitle "EXT 2023"]
[Source "ChessBase"]
[SourceDate "2022.10.05"]
[SourceVersion "1"]
[SourceVersionDate "2022.10.05"]
[SourceQuality "1"]

1. e4 e5 2. Nf3 Nc6 3. Bc4 Bc5 4. c3 Nf6 5. d4 exd4 6. cxd4 Bb4+ 7. Bd2 Bxd2+ 8. Nbxd2 d5 9. exd5 Nxd5 10. Nf1 0-0 11. Ng3 Re8+ 12. Be2 h6 13. 0-0 Be6 14. Re1 Qf6 15. Qd2 Rad8 16. Rad1 Nf4 17. Ne4 Nxe2+ 18. Rxe2 Qg6 19. Ng3 Rd7 20. Rde1 Red8 21. Nh4 Qf6 22. Re4 Rxd4 23. Qe3 Rxe4 24. Qxe4 Rd4 25. Nh5 Qxh4 26. Qf3 Bg4 27. Re8+ Kh7 28. Qxf7 Rd1+ 29. Re1 Rxe1# 0-1

[Event "Balkan-ch U10 Girls"]
[Site "Tornelo INT"]
[Date "2020.10.31"]
[Round "2"]
[White "Caku, Kler"]
[Black "Timagina, Sofia"]
[Result "1-0"]
[WhiteElo "1199"]
[BlackElo "1102"]
[PlyCount "117"]
[EventDate "2020.10.31"]
[EventType "swiss"]
[EventRounds "7"]
[EventCountry "NET"]
[SourceTitle "EXT 2023"]
[Source "ChessBase"]
[SourceDate "2022.10.05"]
[SourceVersion "1"]
[SourceVersionDate "2022.10.05"]
[SourceQuality "1"]

1. e4 e5 2. Nf3 Nc6 3. d4 exd4 4. Nxd4 Bb4+ 5. c3 Bc5 6. Be3 Bb6 7. Be2 Nf6 8. Nd2 0-0 9. 0-0 Re8 10. Qc2 Qe7 11. Nxc6 dxc6 12. Bxb6 axb6 13. Bd3 Bg4 14. Rfe1 Rad8 15. e5 Nd7 16. Bxh7+ Kh8 17. Bd3 Nxe5 18. h3 Rxd3 19. hxg4 Qg5 20. Rxe5 Rxe5 21. Qxd3 Rd5 22. Nf3 Qxg4 23. Qe3 Kh7 24. Re1 f6 25. Qe4+ Qxe4 26. Rxe4 b5 27. Re7 Rd1+ 28. Kh2 b6 29. Rxc7 Rb1 30. Rxc6 Rxb2 31. Rxb6 Rxa2 32. Rxb5 Rc2 33. Rc5 Rxf2 34. Kg3 Rc2 35. c4 Kg8 36. Rc7 Rc3 37. Kf4 Kf8 38. Kf5 Ke8 39. Kg6 Kd8 40. Rc5 Kd7 41. Kxg7 Kd6 42. Rd5+ Ke6 43. Nd4+ Ke7 44. Nf5+ Ke6 45. Rc5 Rc2 46. Nd4+ Kd6 47. Rd5+ Ke7 48. Nxc2 Ke6 49. Rd1 f5 50. c5 f4 51. c6 Ke7 52. c7 f3 53. gxf3 Ke6 54. c8Q+ Ke5 55. Qe8+ Kf4 56. Rd4+ Kxf3 57. Qe3+ Kg2 58. Rd2+ Kf1 59. Qe1# 1-0